রাখালী / (Record no. 54658)
[ view plain ]
| 000 -LEADER | |
|---|---|
| fixed length control field | 00761nam a2200229 a 4500 |
| 001 - CONTROL NUMBER | |
| control field | 54658 |
| 003 - CONTROL NUMBER IDENTIFIER | |
| rucl marc code | BD-RjUL |
| 005 - DATE AND TIME OF LATEST TRANSACTION | |
| control field | 20211209080142.0 |
| 008 - FIXED-LENGTH DATA ELEMENTS--GENERAL INFORMATION | |
| fixed length control field | 161108s1949 ii ||||| |||| 00| 0 ben d |
| 035 ## - SYSTEM CONTROL NUMBER | |
| System control number | (BD-RjUL)54780 |
| 040 ## - CATALOGING SOURCE | |
| Original cataloging agency | BD-RjUL |
| Language of cataloging | ben |
| Transcribing agency | BD-RjUL |
| Modifying agency | BD-RjUL |
| 041 ## - LANGUAGE CODE | |
| Language code of text/sound track or separate title | ben |
| 082 ## - DEWEY DECIMAL CLASSIFICATION NUMBER | |
| Edition number | 23 |
| Classification number | 891.441 |
| Author mark and year | UDR 1949 |
| 100 1# - MAIN ENTRY--PERSONAL NAME | |
| Personal name | উদ্দীন, জসীম |
| 9 (RLIN) | 144026 |
| 245 10 - TITLE STATEMENT | |
| Title | রাখালী / |
| Statement of responsibility, etc. | জসীম উদ্দীন |
| 250 ## - EDITION STATEMENT | |
| Edition statement | ৪র্থ সং. |
| 260 ## - PUBLICATION, DISTRIBUTION, ETC. (IMPRINT) | |
| Place of publication, distribution, etc. | কলিকাতা : |
| Name of publisher, distributor, etc. | ইতিকথা বুক ডিপো, |
| Date of publication, distribution, etc. | ১৯৪৯. |
| 300 ## - PHYSICAL DESCRIPTION | |
| Pagination | [৬], ৬৬ পৃ ; |
| Size | ২১ সেমি. |
| 650 ## - SUBJECT ADDED ENTRY--TOPICAL TERM | |
| Topical term or geographic name as entry element | বাংলা কবিতা |
| 9 (RLIN) | 144027 |
| Topical term or geographic name as entry element | Bengali poetry |
| 9 (RLIN) | 144028 |
| 942 ## - ADDED ENTRY ELEMENTS (KOHA) | |
| Source of classification or shelving scheme | Dewey Decimal Classification |
| Koha item type | Books |
| Lost status | Source of classification or shelving scheme | Damaged status | Not for loan | Collection code | Permanent Location | Current Location | Shelving location | Date acquired | Source of acquisition | Cost, normal purchase price | Total Checkouts | Full call number | Date last seen | Date checked out | Copy number | Koha item type |
|---|---|---|---|---|---|---|---|---|---|---|---|---|---|---|---|---|
| Dewey Decimal Classification | Non-fiction | Central Library, University of Rajshahi | Central Library, University of Rajshahi | 12/07/1990 | Prof. Swakat Osman, Dhaka. | 17.00 | 1 | B 891.441 UDR 1949 | 29/03/2023 | 28/03/2023 | C-2 | Books | ||||
| Dewey Decimal Classification | Not For Loan | Non-fiction | Central Library, University of Rajshahi | Central Library, University of Rajshahi | Reading Room | 11/11/1958 | Oriental book service | 1.12 | B 891.441 UDR 1949 | 16/02/2017 | C-1 | Books |